LEADER 01458nam a2200277 u 4500 001 000000034842 003 CaOOAMICUS 005 20070226112522.0 008 980216c1982 fr u000 u fre u 035 $a10782572 040 $aPUL(R)$bita 100 1 $aChevailler, Laurent.$0(OLS)http://pul/name/26787 245 13$aLe droit et les institutions de l'église catholique latine de la fin du XVIIIe siècle à 1978 :$borganismes, collégiaux et moyens de gouvernement /$cpar Laurent Chevailler, Charles Lefebvre, René Metz. 260 $aParis :$bEditions Cujas,$c1982. 300 $a478 p. ;$c24 cm 490 1 $aHistoire du droit et des institutions de l'Eglise en Occident ;$v17 500 $aIndice: p. [436]-478. 504 $aBibliografia in nota. 700 1 $aMetz, René.$0(OLS)http://pul/name/15319 700 1 $aLefebvre, Charles,$csac.,$d1904-1989.$0(OLS)http://pul/name/4377 830 0$aHistoire du droit et des institutions de l'Eglise en Occident ;$v17.$0(OLS)http://pul/title/1124 850 $aPUL 852 $aPUL$W1$xSL Diritto Canonico 1$y5$m145 H 17$j47716$nBK-PRI$b $qStampati$B47716$CPULBib$Z2$F47716 $HPUL61756 $81 941 1 $a8 996 $6245$aLe droit et les institutions de l'église catholique latine de la fin du XVIIIe siècle à 1978 :$borganismes, collégiaux et moyens de gouvernement$9(OLS)http://pul/title/48007 996 $6260$aParis :$bEditions Cujas$9(OLS)http://pul/publisher/50118 LEADER 01404nam a2200301 u 4500 001 000000040688 003 CaOOAMICUS 005 20070226114129.0 008 980529s1997 it u000 u ita u 020 $a8881390841 035 $a10796951 040 $aEFR$bita 245 00$aFilosofia e mistica :$bitinerari di un progetto di ricerca /$ca cura di Aniceto Molinaro ed Elmar Salmann. 260 $aRoma :$bPontificio Ateneo S. Anselmo,$c1997. 300 $a340 p. ;$c25 cm 490 1 $aStudia Anselmiana ;$v125.$aPhilosophica ;$v2 650 0$aPhilosophy.$2//eng$0(OLS)http://pul/subject/4911 650 0$aMysticism.$2//eng$0(OLS)http://pul/subject/14463 700 1 $aSalmann, Elmar,$cO.S.B,$d1948-$0(OLS)http://pul/name/34390 700 1 $aMolinaro, Aniceto,$csac.,$d1936-2011.$0(OLS)http://pul/name/621 830 0$aStudia Anselmiana ;$v125.$0(OLS)http://pul/title/554 830 0$aStudia Anselmiana.$pPhilosophica ;$v2.$0(OLS)http://pul/title/30695 850 $aPUL 852 $aPUL$W1$xSL Religione 3$y85$m230. 05 COLL 2.125$j55271$nBK-PRI$qDDC 21$B55271$CPULBib$Z2$F55271 $HPUL77279 $82 941 1 $a9 996 $6020$a8881390841$9(OLS)http://pul/number/50479 996 $6245$aFilosofia e mistica :$bitinerari di un progetto di ricerca$9(OLS)http://pul/title/54864 996 $6260$aRoma :$bPontificio Ateneo S. Anselmo$9(OLS)http://pul/publisher/48098